[Event "Oberliga Ost-A 1415"]
[Site "Germany"]
[Date "2015.02.22"]
[Round "8.3"]
[White "Schoene, Maria"]
[Black "Rudolf, Sebastian"]
[Result "1/2-1/2"]
[WhiteElo "2261"]
[BlackElo "2233"]
[PlyCount "74"]
[EventDate "2014.09.21"]
[EventType "team-tourn"]
[EventRounds "11"]
[EventCountry "GER"]
[SourceTitle "EXT 2016"]
[Source "ChessBase"]
[SourceDate "2015.10.08"]
[SourceVersion "1"]
[SourceVersionDate "2015.10.08"]
[SourceQuality "1"]
[WhiteTeam "Magdeburg Aufbau Elbe"]
[BlackTeam "Dresden Gruen Weiss"]
[WhiteTeamCountry "GER"]
[BlackTeamCountry "GER"]

1. e4 c6 2. d4 d5 3. exd5 cxd5 4. Bd3 Nc6 5. c3 Nf6 6. Nf3 Bg4 7. 0-0 e6 8. h3 Bh5 9. Bf4 Bd6 10. Bxd6 Qxd6 11. Nbd2 0-0 12. Re1 Rab8 13. a4 Qc7 14. Qb1 Bg6 15. Ne5 Nxe5 16. Rxe5 b5 17. Bxg6 hxg6 18. axb5 Rxb5 19. Ra2 Ra5 20. Rxa5 Qxa5 21. Nb3 Qc7 22. Nc5 Nd7 23. Nxd7 Qxd7 24. h4 Qe7 25. g3 Rb8 26. Qc1 Qb7 27. Re2 Qa6 28. Qd1 Qa2 29. b4 Qa3 30. Re3 a5 31. bxa5 Qxa5 32. Kg2 Qa2 33. Re2 Qc4 34. Rc2 Rb3 35. Qd2 Ra3 36. Rc1 Qc7 37. Qb2 Ra8 1/2-1/2

[Event "Oberliga Ost-A 1415"]
[Site "Germany"]
[Date "2015.01.18"]
[Round "7.3"]
[White "Rudolf, Sebastian"]
[Black "Kesik, Klaus Dieter"]
[Result "1/2-1/2"]
[WhiteElo "2233"]
[BlackElo "2276"]
[PlyCount "120"]
[EventDate "2014.09.21"]
[EventType "team-tourn"]
[EventRounds "11"]
[EventCountry "GER"]
[SourceTitle "EXT 2016"]
[Source "ChessBase"]
[SourceDate "2015.10.08"]
[SourceVersion "1"]
[SourceVersionDate "2015.10.08"]
[SourceQuality "1"]
[WhiteTeam "Dresden Gruen Weiss"]
[BlackTeam "Hoyerswerda"]
[WhiteTeamCountry "GER"]
[BlackTeamCountry "GER"]

1. e4 Nf6 2. e5 Nd5 3. d4 d6 4. c4 Nb6 5. exd6 exd6 6. Nc3 Nc6 7. h3 Bf5 8. Bf4 Be7 9. Nf3 Bf6 10. Be2 h6 11. 0-0 Qd7 12. c5 Nc8 13. Bb5 a6 14. Ba4 d5 15. Re1+ Be6 16. Qb3 b5 17. cxb6 Nxb6 18. Bxc6 Qxc6 19. Rac1 Nc4 20. Nxd5 Qxd5 21. Qxc4 0-0 22. Qxd5 Bxd5 23. b3 c6 24. Be5 Bg5 25. Nxg5 hxg5 26. Bd6 Rfe8 27. f3 f6 28. Rxe8+ Rxe8 29. Kf2 Kf7 30. Rc5 Ke6 31. Bh2 Kd7 32. Ra5 Ra8 33. Ke3 Kc8 34. Ra4 Ra7 35. Bd6 Kd7 36. Bg3 Ra8 37. Ra5 Ra7 38. Ra4 Ke6 39. Rb4 Kf7 40. Bd6 Ra8 41. Kd3 Ke6 42. Bg3 Kf7 43. Rb7+ Kg6 44. Rb8 Ra7 45. Bd6 f5 46. Bc5 Rf7 47. Ra8 g4 48. Ke3 gxh3 49. gxh3 Rf6 50. Kf4 Re6 51. Rf8 Re2 52. Rxf5 Rxa2 53. Rg5+ Kf6 54. b4 g6 55. Re5 Ra3 56. b5 g5+ 57. Kg4 Bxf3+ 58. Kg3 Rb3 59. bxa6 Be2+ 60. Kh2 Bxa6 1/2-1/2

[Event "Oberliga Ost-A 1415"]
[Site "Germany"]
[Date "2014.12.07"]
[Round "5.3"]
[White "Niering, Martin"]
[Black "Rudolf, Sebastian"]
[Result "1-0"]
[WhiteElo "2179"]
[BlackElo "2233"]
[PlyCount "79"]
[EventDate "2014.09.21"]
[EventType "team-tourn"]
[EventRounds "11"]
[EventCountry "GER"]
[SourceTitle "EXT 2016"]
[Source "ChessBase"]
[SourceDate "2015.10.08"]
[SourceVersion "1"]
[SourceVersionDate "2015.10.08"]
[SourceQuality "1"]
[WhiteTeam "Magdeburg Rochade"]
[BlackTeam "Dresden Gruen Weiss"]
[WhiteTeamCountry "GER"]
[BlackTeamCountry "GER"]

1. d4 Nf6 2. Bg5 Ne4 3. Bf4 c5 4. f3 Qa5+ 5. c3 Nf6 6. d5 Qb6 7. Bc1 e6 8. e4 exd5 9. exd5 Bd6 10. Na3 0-0 11. Nc4 Qc7 12. Nxd6 Qxd6 13. Bc4 Qe5+ 14. Ne2 d6 15. 0-0 Qe8 16. Ng3 b5 17. Re1 Qd7 18. Bf1 Bb7 19. c4 h6 20. b3 bxc4 21. bxc4 Qc7 22. Bb2 Nbd7 23. Re7 Ne8 24. Qa4 Bc8 25. Rae1 Qd8 26. Nh5 f6 27. Nf4 Nc7 28. Ng6 Rf7 29. f4 a6 30. Qc2 Nf8 31. Rxf7 Kxf7 32. Bd3 Bd7 33. Nxf8 Qxf8 34. Bh7 Qd8 35. Bc3 Ne8 36. Qg6+ Kf8 37. Qe4 a5 38. h3 a4 39. g4 Ra7 40. Bg6 1-0

[Event "Oberliga Ost-A 1415"]
[Site "Germany"]
[Date "2014.11.09"]
[Round "4.3"]
[White "Rudolf, Sebastian"]
[Black "Boehnisch, Manfred"]
[Result "0-1"]
[WhiteElo "2233"]
[BlackElo "2271"]
[PlyCount "48"]
[EventDate "2014.09.21"]
[EventType "team-tourn"]
[EventRounds "11"]
[EventCountry "GER"]
[SourceTitle "EXT 2016"]
[Source "ChessBase"]
[SourceDate "2015.10.08"]
[SourceVersion "1"]
[SourceVersionDate "2015.10.08"]
[SourceQuality "1"]
[WhiteTeam "Dresden Gruen Weiss"]
[BlackTeam "Leipzig SG II"]
[WhiteTeamCountry "GER"]
[BlackTeamCountry "GER"]

1. e4 c6 2. d4 d5 3. Nd2 dxe4 4. Nxe4 Bf5 5. Ng3 Bg6 6. N1e2 Nf6 7. Nf4 Nbd7 8. h4 e5 9. dxe5 Nxe5 10. Qe2 Qe7 11. Nxg6 hxg6 12. a3 0-0-0 13. Bf4 Rd5 14. Rd1 Rxd1+ 15. Kxd1 Neg4 16. f3 Nd5 17. Qxe7 Bxe7 18. fxg4 Nxf4 19. h5 gxh5 20. Nxh5 Bg5 21. Bc4 Rd8+ 22. Ke1 Nxg2+ 23. Kf2 Ne3 24. Bd3 g6 0-1

[Event "Oberliga Ost-A 1415"]
[Site "Germany"]
[Date "2014.10.19"]
[Round "3.3"]
[White "Rudolf, Sebastian"]
[Black "Malich, Burkhard"]
[Result "1-0"]
[WhiteElo "2233"]
[BlackElo "2329"]
[PlyCount "59"]
[EventDate "2014.09.21"]
[EventType "team-tourn"]
[EventRounds "11"]
[EventCountry "GER"]
[SourceTitle "EXT 2016"]
[Source "ChessBase"]
[SourceDate "2015.10.08"]
[SourceVersion "1"]
[SourceVersionDate "2015.10.08"]
[SourceQuality "1"]
[WhiteTeam "Dresden Gruen Weiss"]
[BlackTeam "Halle Volksbank"]
[WhiteTeamCountry "GER"]
[BlackTeamCountry "GER"]

1. e4 e6 2. d4 d5 3. Nd2 dxe4 4. Nxe4 Qd5 5. Nc3 Bb4 6. Nf3 Nf6 7. Bd3 0-0 8. 0-0 Bxc3 9. bxc3 Nbd7 10. Qe2 b6 11. Ne5 Bb7 12. f4 c5 13. Bb2 Rad8 14. Rf3 Qd6 15. Rh3 h6 16. Re1 Qe7 17. Qf2 Nxe5 18. fxe5 Nh7 19. Bc1 f5 20. exf6 Rxf6 21. Qh4 Nf8 22. Bf4 Rf7 23. Qg3 cxd4 24. Bxh6 dxc3 25. Bg5 Rxd3 26. cxd3 Qc5+ 27. Be3 Qd5 28. a3 c2 29. Rh4 Qxd3 30. Qh3 1-0

[Event "Oberliga Ost-A 1314"]
[Site "Germany"]
[Date "2014.04.05"]
[Round "10.3"]
[White "Rudolf, Sebastian"]
[Black "Praczyk, Karl"]
[Result "1-0"]
[WhiteElo "2244"]
[BlackElo "2037"]
[PlyCount "91"]
[EventDate "2013.10.13"]
[EventType "team-tourn"]
[EventRounds "11"]
[EventCountry "GER"]
[SourceTitle "EXT 2015"]
[Source "ChessBase"]
[SourceDate "2014.11.20"]
[SourceVersion "1"]
[SourceVersionDate "2014.11.20"]
[SourceQuality "1"]
[WhiteTeam "Dresden Gruen Weiss"]
[BlackTeam "Koethen Ludwigs"]
[WhiteTeamCountry "GER"]
[BlackTeamCountry "GER"]

1. e4 c6 2. d4 d5 3. Nd2 dxe4 4. Nxe4 Nf6 5. Nxf6+ exf6 6. c3 Bd6 7. Bd3 0-0 8. Ne2 Qc7 9. Qc2 h6 10. Be3 Be6 11. 0-0-0 Qa5 12. b3 Nd7 13. Kb1 b5 14. Qd2 b4 15. c4 Bf5 16. Ng3 Bxd3+ 17. Qxd3 Rfb8 18. Nf5 Bf8 19. Bf4 Rb7 20. Rhe1 Qd8 21. Qf3 a5 22. Qxc6 Rba7 23. Bc1 a4 24. Bb2 axb3 25. axb3 Ra2 26. Qd5 R8a5 27. Qe4 Qc7 28. Re3 Qa7 29. Rd2 Ra1+ 30. Kc2 R5a2 31. Kd3 Rb1 32. Nxh6+ gxh6 33. Rg3+ Bg7 34. Qg4 Kf8 35. Qxg7+ Ke7 36. Re3+ Kd8 37. Qg8+ Kc7 38. Qg3+ Kd8 39. Qg8+ Kc7 40. Qg3+ Kd8 41. Ree2 Ra3 42. Ke4 Qb7+ 43. Kf5 Ra5+ 44. d5 Qc8 45. Qd6 Ra6 46. Bxf6# 1-0